000 00663nmm a2200193Ia 4500
008 251105s9999||||xx |||||||||||||||||und||
020 _a9788477338765
041 _aspa
100 _aSala Bonañ, Juan
245 0 _aRelaciones del orden económico y su ciencia con los de la moralidad y del derecho y otros escritos krausistas
264 _a[Madrid, España] :
_bPrensas Universitarias de Zaragoza,
_c2007
300 _a313 páginas
650 _aEconomics and Business
700 _aSala Bonañ, Juan
700 1 _a Blanco Domingo, Luis
700 1 _a Malo Guillén, José Luis
856 _uhttps://public.digitaliapublishing.com/a/2157
942 _cCF
999 _c70949
_d70949